Nutrition de la plante (Record no. 108282)

MARC details
000 -LEADER
campo de control de longitud fija 00487nam a2200169 i 4500
001 - NÚMERO DE CONTROL
campo de control 108282
003 - IDENTIFICADOR DE NÚMERO DE CONTROL
campo de control ES-MaACL
005 - FECHA Y HORA DE LA ÚLTIMA TRANSACCIÓN
campo de control 20230906184621.0
007 - CAMPO FIJO DE DESCRIPCIÓN FÍSICA--INFORMACIÓN GENERAL
campo de control de longitud fija t|
008 - DATOS DE LONGITUD FIJA--INFORMACIÓN GENERAL
campo de control de longitud fija 061121s1925 fr r ||||1| fre d
100 1# - ENTRADA PRINCIPAL--NOMBRE DE PERSONA
Nombre de persona Molliard, Marin.
9 (RLIN) 82057
245 10 - MENCIÓN DEL TÍTULO
Título Nutrition de la plante
Resto del título : cycle de l'azote /
Mención de responsabilidad, etc. Marin Molliard.
260 ## - PUBLICACIÓN, DISTRIBUCIÓN, ETC.
Lugar de publicación, distribución, etc. París :
Nombre del editor, distribuidor, etc. Gaston Doin et Cie,
Fecha de publicación, distribución, etc. 1925.
300 ## - DESCRIPCIÓN FÍSICA
Extensión XVI, 319 p. ;
Dimensiones 16 cm.
650 #4 - PUNTO DE ACCESO ADICIONAL DE MATERIA--TÉRMINO DE MATERIA
Término de materia o nombre geográfico como elemento de entrada Plantas-
Subdivisión general Nutrición.
9 (RLIN) 165419
852 ## - LOCALIZACIÓN
Ubicación ES-MaACL
Número de control de estantería D-4423
Holdings
Estatus retirado Estado de pérdida Estado de daño No para préstamo Biblioteca de origen Biblioteca actual Ubicación en estantería Fecha de adquisición Fuente de adquisición Total de préstamos Signatura topográfica completa Código de barras Visto por última vez Precio de reemplazo Tipo de ítem Koha
        Biblioteca del Ateneo de Madrid Biblioteca del Ateneo de Madrid Sala Valle Inclán 17/01/2008     D-4423 901112989 23/02/2023 23/02/2023 Libro impreso